Statistics for Ohio State All-Time Leading Rushers

Click here to take the quiz!

General Stats

  • This quiz has been taken 272 times
  • The average score is 4 of 11

Answer Stats

HintAnswer% Correct
#27 - 3768 yardsEddie George
89%
#45 - 5589 yardsArchie Griffin
88%
#15 - 3384 yardsEzekiel Elliott
69%
#28 - 3382 yardsBeanie Wells
48%
#5/#1 - 3273 yardsBraxton Miller
45%
#41 - 3176 yardsKeith Byars
21%
#25 - 2945 yardsAntonio Pittman
20%
#5 - 2951 yardsMichael Wiley
10%
#29 - 3076 yardsPepe Pearson
9%
#46 - 3553 yardsTim Spencer
9%
#25 - 2974 yardsCarlos Snow
8%

Score Distribution

Percentile by Number Answered

Percent of People with Each Score

Your Score History

You have not taken this quiz